The Role of intelligence in Soriet military strategy in World War2

Bibliographic Details
Main Author: Glantz, David M
Format: Book
Published: Vorato,CA : Presidio Press , 1990
Subjects:

MARC

LEADER 00000cam a2200000 7i4500
001 0000005033
002 000005424
005 20080109.0
020 |a 0891413804 
090 0 0 |a 940.548647   |b GLA 
100 1 |a Glantz, David M 
245 1 4 |a The Role of intelligence in Soriet military strategy in World War2   |c David M.Glantz 
260 |a Vorato,CA :   |b Presidio Press ,   |c 1990 
300 |a 261p. ;   |c 23cm. 
650 0 0 |a World War II   |y 1939-1945   |x Military intelligence   |z Soviet Union 
999 |a 033587   |b BUKU   |c PINJAMAN   |e PERPUSTAKAAN KOMUNITI PETALING JAYA